16th Century People - Statistics

General Stats
  • This quiz has been taken 81 times
  • The average score is 5 of 10
Answer Stats
Dates Nationality Description Answer % Correct
1542-1587 English (Scottish) Long-time imprisoned Queen Mary Stuart
94%
1530-1584 Russian Tsar with a certain nickname Ivan the Terrible
81%
1501-1536 English Queen Elizabeth's mother Anne Boleyn
70%
1519-1589 Italian Florentine Queen of France Catherine de' Medici
61%
1540-1596 English Privateer who fought the Armada Francis Drake
59%
1503-1566 French Prophetic apothecary Nostradamus
59%
1509-1564 French Protestant reformer Jean Calvin
57%
1564-1593 English Top playwright before Shakespeare Christopher Marlowe
38%
1533-1592 French Essayist who formed the Wheel Argument Michel de Montaigne
16%
1525-1569 Dutch "The Peasant Wedding" painter Pieter Bruegel the Elder
13%
No matching quizzes found
Score Distribution
Percent of People with Each Score
Percentile by Number Answered
Your Score History
You have not taken this quiz